000 00274nam a2200109Ia 4500
008 200302s9999 xx 000 0 und d
100 _aNigel Cross & Robin Roy
245 _aDesign Methods Manual
260 _bThe Open University Press Ltd.
260 _c1975
300 _a132 P.,
999 _c541
_d541